000 00971cab a2200265 4500
001 ABS37170
008 090401t1986 xxu||||| |||| 00| 0 eng d
035 _a(Sirsi) u2628
041 _aeng
245 _aElement design guide: Substructure 4 - ground bearing slabs
260 _c1986
350 _a0
490 _aArchitects` Journal
_v184(50) 10 December 1986,(12)
520 _aFinal article in the element design guide looks at ground bearing slab design covering their functions, types, construction, selection and provides notes on design and inspection on-site. Reference to British Standards.
650 _aCONCRETE REINFORCEMENT
650 _aFLOOR SLABS
650 _aBUILT ENVIRONMENT-BUILDING ELEMENTS-COMPLETE BUILDING ELEMENTS-FLOORS
650 _aINSULATION
650 _aLOADBEARING
650 _aLOW RISE BUILDINGS
650 _aSTRUCTURAL DESIGN
690 _aBUILT ENVIRONMENT-CONSTRUCTION DESIGN
942 _n0
948 _c04/03/1997
999 _c1583
_d1583